| 000 | 00529nam a22001817a 4500 | ||
|---|---|---|---|
| 003 | 0 | ||
| 005 | 20240923141942.0 | ||
| 008 | 240923b xxu||||| |||| 00| 0 eng d | ||
| 020 | _a978-1-77469-743-6 | ||
| 050 |
_aHF 5549 _b.G37 2024 |
||
| 100 | _aGarman, Brian | ||
| 245 |
_aRetail management _cGarman, Brian |
||
| 260 |
_aCanada _bToronto academic press _cC2024 |
||
| 300 |
_axi, 200p.: _bill. ;col. : _c26cm. |
||
| 500 | _aRetail trade--management. | ||
| 650 | _aInclude bibliographical references & index. | ||
| 942 |
_2lcc _cBK |
||
| 999 |
_c366346 _d366346 |
||